[Event "Open Dutch Championship"]
[Site "?"]
[Date "2005.07.29"]
[Round "4"]
[White "Ikonnikov Vyacheslav"]
[Black "Bosch Jeroen"]
[Result "1/2-1/2"]
[WhiteElo "2560"]
[BlackElo "2465"]
[PlyCount "50"]
[EventDate "2005.??.??"]
[Source "www.chesslib.no"]
[SourceDate "2004.05.04"]

1. d4 f5 2. Nf3 Nf6 3. g3 e6 4. Bg2 Be7 5. O-O O-O 6. c4 d6 7. Nc3 Qe8 8. Qc2 Qh5 9. Bf4 Ng4 10. h3 Nh6 11. h4 Ng4 12. Nb5 Na6 13. c5 dxc5 14. dxc5 Bd7 15. Nxc7 Nxc7 16. Bxc7 Rac8 17. Bf4 Rxc5 18. Qb3 Rb5 19. Qd3 Bc6 20. Nd4 Bxg2 21. Kxg2 Rd5 22. f3 Nf6 23. Qc4 Qf7 24. Nb3 Nh5 25. Rad1 Nxf4+ 1/2-1/2

[Event "NOR Ch"]
[Site "Norway"]
[Date "1994.??.??"]
[Round "3"]
[White "Agdestein, Simen"]
[Black "Ogaard, Leif"]
[Result "1-0"]
[WhiteElo "2595"]
[BlackElo "2425"]
[PlyCount "53"]
[EventDate "1994.??.??"]
[Source "www.chesslib.no"]
[SourceDate "2004.05.04"]

1. d4 f5 2. c4 e6 3. g3 Nf6 4. Bg2 Be7 5. Nf3 O-O 6. O-O d6 7. Qc2 Qe8 8. Nc3 Nc6 9. d5 Nb4 10. Qb3 Na6 11. dxe6 Nc5 12. Qc2 Bxe6 13. Nd4 Bxc4 14. Nxf5 Bf7 15. b4 Na6 16. Ba3 d5 17. Qb2 b6 18. Nxd5 Bd8 19. b5 Nc5 20. Nb4 Rc8 21. Nc6 Qe6 22. Nfd4 Qg4 23. Nxa7 Nd5 24. Nxc8 Bf6 25. Rad1 Rxc8 26. h3 Qh5 27. Qc2 1-0

[Event "ch-Euro Blitz"]
[Site "Ajaccio FRA"]
[Date "2007.10.25"]
[Round "8"]
[White "Bauer, Ch"]
[Black "Paci, C."]
[Result "1-0"]
[WhiteElo "2634"]
[BlackElo "2301"]
[PlyCount "52"]
[EventDate "2007.10.25"]
[Source "www.chesslib.no"]
[SourceDate "2004.05.04"]

1. d4 e6 2. Nf3 f5 3. g3 Nf6 4. Bg2 Be7 5. c4 O-O 6. O-O d6 7. Qc2 Qe8 8. Nc3 Qh5 9. e4 e5 10. dxe5 dxe5 11. Nd5 Nxd5 12. cxd5 Bd6 13. exf5 Bxf5 14. Qb3 Nd7 15. Be3 Bh3 16. Bxh3 Qxh3 17. Ng5 Qf5 18. Ne6 Rf6 19. Rac1 e4 20. Bd4 Rg6 21. Nxc7 Rb8 22. Ne6 b6 23. Rc6 Be5 24. Qc3 Rh6 25. Rc8+ Kf7 26. Bxe5 Ra8 1-0

[Event "Skanska Open"]
[Site "Pardubice"]
[Date "2004.07.31"]
[Round "9"]
[White "Drozdovskij, Yuri"]
[Black "Amin, Bassem"]
[Result "1-0"]
[WhiteElo "2506"]
[BlackElo "2425"]
[PlyCount "131"]
[EventDate "2004.07.23"]
[Source "Roberto Alvarez"]
[SourceDate "2004.08.10"]

1. d4 e6 2. Nf3 f5 3. g3 Nf6 4. Bg2 Be7 5. O-O O-O 6. c4 d6 7. Nc3 Qe8 8. Qc2 Qg6 9. b3 Ne4 10. Bb2 Bf6 11. Nxe4 fxe4 12. Nd2 d5 13. e3 Qg5 14. Rae1 c5 15. dxc5 Nc6 16. f4 Qh5 17. a3 a5 18. Rd1 Ne7 19. Bxf6 gxf6 20. Rfe1 Qg6 21. Nb1 f5 22. cxd5 exd5 23. Nc3 Be6 24. Nb5 h5 25. Qc3 Nc6 26. Nd4 Kh7 27. Kf2 h4 28. Rg1 Rg8 29. Bf1 Rg7 30. Be2 Rag8 31. b4 axb4 32. axb4 Qh6 33. Rh1 Ra8 34. Ra1 Rxa1 35. Rxa1 hxg3+ 36. hxg3 Qh2+ 37. Ke1 Nxd4 38. Qxd4 Rxg3 39. Ra8 Rg7 40. b5 Qg1+ 41. Kd2 Qb1 42. Ra1 Qb3 43. Qc3 Qxc3+ 44. Kxc3 Rg2 45. Bh5 Kh6 46. Be8 Kg7 47. b6 Kf6 48. Bb5 d4+ 49. Kxd4 Rb2 50. Ra5 Rc2 51. Ra4 Rc1 52. Bc4 Rd1+ 53. Kc3 Rc1+ 54. Kb3 Bd7 55. Ra8 Bc6 56. Rf8+ Kg6 57. Kb4 Rb1+ 58. Kc3 Rc1+ 59. Kd4 Rd1+ 60. Ke5 Rc1 61. Rg8+ Kh7 62. Be6 Rxc5+ 63. Kf6 Rc1 64. Rg3 Rh1 65. Bxf5+ Kh8 66. Rh3+ 1-0

[Event "69th ch-BLR"]
[Site "Minsk"]
[Date "2003.03.03"]
[Round "4"]
[White "Kochetkov, Vitali"]
[Black "Azarov, Sergei"]
[Result "1-0"]
[WhiteElo "2396"]
[BlackElo "2530"]
[PlyCount "119"]
[EventDate "2003.02.28"]
[Source "Roberto Alvarez"]
[SourceDate "2003.04.07"]

1. c4 f5 2. Nf3 Nf6 3. g3 d6 4. d4 e6 5. Bg2 Be7 6. O-O O-O 7. Nc3 Qe8 8. Qc2 Qh5 9. Bg5 Nc6 10. Rad1 Bd7 11. Rfe1 Rae8 12. Nb5 Bd8 13. d5 exd5 14. Bxf6 Rxf6 15. cxd5 Nb4 16. Qc4 Nc2 17. Qxc2 Bxb5 18. Nd4 Bd7 19. Qb3 f4 20. Ne6 Rh6 21. h3 fxg3 22. fxg3 Kh8 23. g4 Qe5 24. Nxd8 Rxd8 25. Qc3 Qxc3 26. bxc3 g5 27. Rd4 Rf6 28. Rc4 Rc8 29. e4 Rf4 30. Rb4 b6 31. e5 Rxb4 32. cxb4 dxe5 33. Rxe5 Re8 34. Rxg5 Re2 35. Bf3 Re7 36. Kf2 h6 37. Rg6 Kh7 38. Rf6 Kg7 39. Rf4 Bb5 40. Be4 a5 41. bxa5 bxa5 42. a3 Bc4 43. Kf3 Re5 44. Ke3 Bxd5 45. Kd4 Rxe4+ 46. Rxe4 Bxe4 47. Kxe4 Kf6 48. h4 a4 49. Kd5 Ke7 50. Kc6 Ke6 51. Kxc7 Ke5 52. Kb6 Kf4 53. Ka5 Kxg4 54. Kxa4 Kxh4 55. Kb3 Kg3 56. a4 h5 57. a5 h4 58. a6 h3 59. a7 h2 60. a8=Q 1-0

[Event "BL2-Sued 0001"]
[Site "Germany"]
[Date "2000.12.10"]
[Round "3.2"]
[White "Gyimesi, Zoltan"]
[Black "Heidenfeld, Mark"]
[Result "1-0"]
[WhiteElo "2539"]
[BlackElo "2375"]
[PlyCount "61"]
[EventDate "2000.10.15"]
[Source "ChessBase"]
[SourceDate "2001.07.03"]

1. d4 e6 2. c4 f5 3. g3 Nf6 4. Bg2 Be7 5. Nf3 O-O 6. O-O d6 7. Nc3 Qe8 8. Qc2 Qh5 9. b3 Nbd7 10. Ba3 Rf7 11. Rad1 d5 12. Bc1 c6 13. Ng5 Ng4 14. Nh3 g5 15. f3 Nh6 16. e4 fxe4 17. fxe4 e5 18. exd5 exd4 19. Ne4 Rxf1+ 20. Rxf1 Nf7 21. dxc6 bxc6 22. Qd1 Qxd1 23. Rxd1 Nde5 24. Nhf2 d3 25. Nxd3 Bg4 26. Nxe5 Bxd1 27. Nxc6 Re8 28. Bb2 Nd6 29. Nxe7+ Rxe7 30. Nxd6 Re1+ 31. Bf1 1-0

[Event "BL2-Sued 0304"]
[Site "Germany"]
[Date "2003.??.??"]
[Round "?.2"]
[White "Gyimesi, Zoltan"]
[Black "Bocksberger, Stefan"]
[Result "1-0"]
[WhiteElo "2550"]
[BlackElo "2350"]
[PlyCount "53"]
[EventDate "2003.10.??"]
[Source "Roberto Alvarez"]
[SourceDate "2004.07.26"]

1. d4 f5 2. g3 Nf6 3. Bg2 e6 4. c4 Be7 5. Nf3 d6 6. O-O O-O 7. Nc3 Qe8 8. Qc2 Qh5 9. b3 a5 10. Ba3 Na6 11. Rad1 Bd7 12. Ne5 c6 13. Nxd7 Nxd7 14. Qd2 e5 15. dxe5 Nxe5 16. Bxd6 Rfd8 17. Bd5+ cxd5 18. Bxe7 Rd7 19. Nxd5 Re8 20. Ba3 f4 21. Qxf4 Qxe2 22. Rfe1 Qh5 23. Rxe5 Qxd1+ 24. Kg2 Rb8 25. Rf5 Rdd8 26. Rf7 Qb1 27. Rxg7+ 1-0

[Event "Wch U18"]
[Site "Menorca"]
[Date "1996.??.??"]
[Round "5"]
[White "Kelly, Brian"]
[Black "Kobalija, Mihail"]
[Result "1/2-1/2"]
[WhiteElo "2395"]
[BlackElo "2495"]
[PlyCount "149"]
[EventDate "1996.??.??"]
[Source "www.chesslib.no"]
[SourceDate "2004.05.04"]

1. c4 f5 2. Nf3 Nf6 3. g3 d6 4. d4 e6 5. Bg2 Be7 6. O-O O-O 7. Nc3 Qe8 8. Qc2 Qh5 9. e4 e5 10. dxe5 dxe5 11. Nd5 Nxd5 12. cxd5 Bd6 13. exf5 Bxf5 14. Qc4 Bg4 15. Ng5 Be2 16. Qb3 Bxf1 17. Bxf1 Nd7 18. Be3 b6 19. Ne6 Rf7 20. Qc4 Nf6 21. Be2 Qf5 22. Rd1 Re7 23. Bf1 Ng4 24. Qe2 Qg6 25. Bg2 Rae8 26. Rc1 Kh8 27. b3 Nf6 28. Qc4 Qh5 29. h3 Qf5 30. Rd1 Qh5 31. Rc1 e4 32. Bxe4 Nxe4 33. Qxe4 Qxh3 34. Qf3 h6 35. Rc4 Rxe6 36. dxe6 Qxe6 37. Kg2 Rf8 38. Qe4 Qxe4+ 39. Rxe4 Kg8 40. Rc4 Rf5 41. Rc1 Kf7 42. Rc4 Ra5 43. Rc2 Rf5 44. Rc4 a5 45. Kh3 Rd5 46. Kg4 Ke6 47. Kf3 c5 48. Rc2 Be5 49. Ke4 Rd1 50. Re2 Bd6 51. Rc2 Rb1 52. Bf4 a4 53. Bxd6 axb3 54. axb3 Kxd6 55. Rc3 g6 56. Rd3+ Kc6 57. Rc3 Rb2 58. f4 h5 59. Re3 Rd2 60. Rc3 Kd6 61. Rc1 Rd4+ 62. Ke3 Kc6 63. g4 hxg4 64. Rg1 Rb4 65. Rxg4 Rxb3+ 66. Ke4 Rb1 67. Rxg6+ Kb5 68. f5 Rf1 69. f6 Kb4 70. Rg4 c4 71. Rf4 Re1+ 72. Kd5 Rd1+ 73. Kc6 Rd8 74. Kxb6 Kb3 75. Kc7 1/2-1/2

[Event "Acropolis GM Open"]
[Site "?"]
[Date "2005.03.09"]
[Round "4"]
[White "Khetsuriani Besarion"]
[Black "Nikolaidis Ioannis"]
[Result "1/2-1/2"]
[WhiteElo "2361"]
[BlackElo "2520"]
[PlyCount "24"]
[EventDate "2005.??.??"]
[Source "www.chesslib.no"]
[SourceDate "2004.05.04"]

1. Nf3 f5 2. d4 Nf6 3. g3 e6 4. Bg2 Be7 5. O-O O-O 6. c4 d6 7. Nc3 Qe8 8. Qc2 Qh5 9. b4 Nc6 10. b5 Nd8 11. a4 Nf7 12. e4 e5 1/2-1/2

[Event "5th stage Russia Cup, Ekaterinburg RUS"]
[Site "?"]
[Date "1997.??.??"]
[Round "?"]
[White "Peregudov, N."]
[Black "Ovetchkin, R."]
[Result "1-0"]
[WhiteElo "2350"]
[BlackElo "2495"]
[PlyCount "81"]
[EventDate "1997.??.??"]
[Source "www.chesslib.no"]
[SourceDate "2004.05.04"]

1. d4 e6 2. Nf3 f5 3. g3 Nf6 4. Bg2 Be7 5. O-O O-O 6. c4 d6 7. Qc2 Qe8 8. Nc3 Qh5 9. Bd2 Nc6 10. d5 Nb4 11. Qa4 Na6 12. dxe6 Nc5 13. Qc2 Nxe6 14. Nd5 Bd8 15. Rad1 Ne4 16. Bc1 a5 17. Be3 c6 18. Nf4 Nxf4 19. Bxf4 Be7 20. Ne1 Ng5 21. Nf3 Nf7 22. Nd2 Ne5 23. Nf3 Nf7 24. Rfe1 g5 25. Bc1 c5 26. Nd2 f4 27. Bd5 Kg7 28. b3 Ne5 29. Bb2 Bf5 30. Be4 Be6 31. Nf3 g4 32. Nxe5 dxe5 33. Qc3 Bf6 34. Rd6 Rae8 35. Qxa5 fxg3 36. hxg3 Be7 37. Rxe6 Rxf2 38. Kxf2 Qh2+ 39. Ke3 Bg5+ 40. Kd3 Rxe6 41. Qc7+ 1-0

[Event "1st Misr Closed"]
[Site "Cairo"]
[Date "2003.09.06"]
[Round "6"]
[White "El Gindy, E."]
[Black "Amin, Bassem"]
[Result "0-1"]
[WhiteElo "2498"]
[BlackElo "2342"]
[PlyCount "114"]
[EventDate "2003.09.01"]
[Source "Roberto Alvarez"]
[SourceDate "2003.09.15"]

1. d4 f5 2. Nf3 e6 3. g3 Nf6 4. Bg2 Be7 5. O-O O-O 6. c4 d6 7. Nc3 Qe8 8. Qc2 Qg6 9. b3 Nc6 10. Ba3 Ne4 11. Nb5 Bd8 12. d5 Nb8 13. dxe6 Bxe6 14. Nd2 Nxd2 15. Qxd2 Nc6 16. e3 a6 17. Nc3 Qh6 18. Rad1 Rb8 19. Nd5 Ne5 20. Nf4 Bd7 21. c5 Bc6 22. Nd5 Bb5 23. cxd6 cxd6 24. Rfe1 Nd3 25. Rf1 Ne5 26. Rfe1 Nd3 27. Nf4 Nxe1 28. Rxe1 Be7 29. Bxb7 Kh8 30. Bd5 Rbc8 31. Ne6 Rfe8 32. Nd4 Bd7 33. Bb4 Bf6 34. Bb7 Rb8 35. Bg2 f4 36. gxf4 Bh3 37. Bf3 d5 38. Kh1 Qh4 39. Rg1 Rxb4 40. Qxb4 Qxf2 41. Bxd5 Qxe3 42. Nc6 a5 43. Qc4 Qd2 44. Ne5 Bxe5 45. fxe5 Rxe5 46. Bf3 Re1 47. Qc5 Rxg1+ 48. Qxg1 Qxa2 49. Qd1 Be6 50. Qd8+ Bg8 51. Ba8 h6 52. Kg1 Qb1+ 53. Kf2 Qc2+ 54. Kg1 Qc5+ 55. Kh1 Qc1+ 56. Kg2 Qg5+ 57. Qxg5 hxg5 0-1

[Event "BL2-Nord 0001"]
[Site "Germany"]
[Date "2001.01.07"]
[Round "4.2"]
[White "Voloshin, Leonid"]
[Black "Rausch, Stephan"]
[Result "1/2-1/2"]
[WhiteElo "2455"]
[BlackElo "2363"]
[PlyCount "144"]
[EventDate "2000.10.15"]
[Source "ChessBase"]
[SourceDate "2001.07.03"]

1. d4 e6 2. c4 f5 3. g3 Nf6 4. Bg2 Be7 5. Nf3 O-O 6. O-O d6 7. Nc3 Qe8 8. Qc2 Qh5 9. Bg5 Nc6 10. Rad1 h6 11. Bxf6 Bxf6 12. d5 Nd8 13. dxe6 Nxe6 14. Nd5 Bd8 15. Nd4 c6 16. Nxe6 Bxe6 17. Nf4 Qf7 18. b3 g5 19. Nxe6 Qxe6 20. Qd3 Bc7 21. e3 Rae8 22. Bf3 Re7 23. b4 f4 24. exf4 gxf4 25. Rfe1 Qf6 26. Rxe7 Qxe7 27. Qg6+ Qg7 28. Qxg7+ Kxg7 29. g4 Rd8 30. b5 d5 31. bxc6 bxc6 32. cxd5 cxd5 33. Kg2 d4 34. Be4 Be5 35. Bd3 f3+ 36. Kxf3 Bxh2 37. Rc1 Rd7 38. Rc6 Bd6 39. Ke4 Bc7 40. Kf3 Bd6 41. Ra6 Bf8 42. Ke4 Bc5 43. Ke5 Bb6 44. a4 Rc7 45. Ke4 Rc5 46. Bb5 Kf6 47. f4 Kg6 48. a5 Rxb5 49. axb6 Rxb6 50. Rxa7 Rd6 51. f5+ Kg5 52. Rg7+ Kh4 53. Rg6 Rd8 54. Kf4 Kh3 55. Rxh6+ Kg2 56. Ra6 d3 57. Ra1 Rd4+ 58. Ke5 Rxg4 59. Rd1 Rg3 60. Ke4 Rg4+ 61. Ke5 Rg3 62. Rd2+ Kh3 63. Rf2 Kg4 64. f6 Rf3 65. Rg2+ Kh5 66. Ke6 Re3+ 67. Kf7 Re2 68. Rg1 d2 69. Rd1 Kh6 70. Kg8 Rh2 71. Kf7 Kh7 72. Ke7 Re2+ 1/2-1/2

[Event "Magistral ITT ENDESA"]
[Site "Santiago CHI"]
[Date "2007.09.30"]
[Round "5"]
[White "Valenzuela Fuentealba, L."]
[Black "Michel Yunis, C."]
[Result "1-0"]
[WhiteElo "2434"]
[BlackElo "2368"]
[PlyCount "81"]
[EventDate "2007.09.26"]
[Source "www.chesslib.no"]
[SourceDate "2004.05.04"]

1. d4 e6 2. c4 f5 3. Nf3 Nf6 4. g3 Be7 5. Bg2 O-O 6. O-O d6 7. Nc3 Qe8 8. Qc2 Qg6 9. Bg5 a5 10. Rad1 Bd7 11. a3 Nc6 12. d5 Nd8 13. dxe6 Nxe6 14. Bxf6 Bxf6 15. Nd5 a4 16. Nd4 Nxd4 17. Rxd4 Bc6 18. Rd2 Bd8 19. e3 Qe8 20. Rfd1 Ra5 21. Nb4 Bxg2 22. Kxg2 g6 23. Rd5 Ra8 24. R5d2 Ra5 25. Rd5 Ra8 26. h4 b6 27. Kg1 Bf6 28. Nd3 Qe4 29. Rd2 Rfe8 30. Rb5 Qg4 31. Kh2 Re4 32. Nf4 Be5 33. Qd3 Re8 34. Rb4 Qf3 35. Rxa4 Bxf4 36. Qd5+ Kg7 37. exf4 Rxf4 38. Qxf3 Rxf3 39. Rb4 d5 40. Kg2 c5 41. Rxb6 1-0

[Event "Pula op"]
[Site "Pula"]
[Date "1998.??.??"]
[Round "5"]
[White "Radocaj, Denis"]
[Black "Sale, Srdjan"]
[Result "0-1"]
[WhiteElo "2380"]
[BlackElo "2415"]
[PlyCount "80"]
[EventDate "1998.05.??"]
[Source "www.chesslib.no"]
[SourceDate "2004.05.04"]

1. d4 e6 2. c4 f5 3. Nf3 Nf6 4. g3 Be7 5. Bg2 O-O 6. O-O d6 7. Nc3 Qe8 8. Qc2 Qg6 9. Bg5 Nc6 10. d5 Nb4 11. Qb3 Na6 12. dxe6 Nc5 13. Qc2 Nxe6 14. Bxf6 Bxf6 15. Nd5 Bd8 16. Rad1 c6 17. Nc3 Bc7 18. e3 Qf6 19. b4 Qf7 20. Rfe1 Nd8 21. Qd3 Ne6 22. Qc2 a6 23. a4 h6 24. e4 f4 25. e5 dxe5 26. Nxe5 Bxe5 27. Rxe5 Ng5 28. h4 Nh3+ 29. Kh2 fxg3+ 30. fxg3 Nf2 31. Rf1 Qc7 32. Re2 Ng4+ 33. Kg1 Rxf1+ 34. Kxf1 Bf5 35. Qxf5 Rf8 36. Re8 Ne3+ 37. Rxe3 Rxf5+ 38. Ke2 Re5 39. Be4 g6 40. c5 Kg7 0-1

[Event "Berliner Sommer"]
[Site "Berlin"]
[Date "1996.??.??"]
[Round "3"]
[White "Timoscenko, Genadij"]
[Black "Fuellgrabe, Thomas"]
[Result "1-0"]
[WhiteElo "2530"]
[BlackElo "2240"]
[PlyCount "47"]
[EventDate "1996.08.??"]
[Source "ChessBase"]

1. d4 f5 2. g3 Nf6 3. Bg2 d6 4. Nf3 e6 5. O-O Be7 6. c4 O-O 7. Nc3 Qe8 8. Qc2 Qh5 9. b4 Nc6 10. b5 Nd8 11. Bd2 Nf7 12. a4 e5 13. e3 g5 14. Nd5 Bd8 15. Ne1 f4 16. dxe5 dxe5 17. exf4 gxf4 18. gxf4 Ng4 19. h3 Nf6 20. Ra3 Nxd5 21. cxd5 Bf5 22. Rg3+ Kh8 23. Qb2 Bh4 24. Bf3 1-0

[Event "ADCF Masters"]
[Site "Abu Dhabi"]
[Date "2003.08.22"]
[Round "6"]
[White "Sale, Srdjan"]
[Black "Amin, Bassem"]
[Result "1/2-1/2"]
[WhiteElo "2420"]
[BlackElo "2342"]
[PlyCount "122"]
[EventDate "2003.08.16"]
[Source "Roberto Alvarez"]
[SourceDate "2003.09.01"]

1. d4 f5 2. c4 e6 3. g3 Nf6 4. Bg2 Be7 5. Nf3 O-O 6. O-O d6 7. Nc3 Qe8 8. Qc2 Qg6 9. b3 Nc6 10. Bb2 Ne4 11. Rad1 Bf6 12. a3 Nxc3 13. Bxc3 e5 14. dxe5 dxe5 15. Qb2 e4 16. Ne5 Nxe5 17. Bxe5 Be6 18. f3 exf3 19. exf3 f4 20. gxf4 a5 21. a4 Rae8 22. Kh1 Qh6 23. Qd2 Bxe5 24. fxe5 Rf4 25. Rfe1 Ref8 26. Re4 Rxe4 27. Qxh6 gxh6 28. fxe4 Rf2 29. Rd8+ Kg7 30. h4 Rb2 31. Rd3 Kf7 32. Kh2 Ke7 33. Kg3 b6 34. Bf3 Rb1 35. Bd1 Bc8 36. Kf4 Bd7 37. e6 Bxe6 38. Ke5 Bc8 39. Rd2 Rc1 40. Kd5 Bd7 41. Ke5 Be6 42. Bh5 Rg1 43. Rf2 Rh1 44. Rg2 Rxh4 45. Rg7+ Kf8 46. Rxc7 Bxc4 47. Rxc4 Rxh5+ 48. Kf6 Rc5 49. Rd4 Rc6+ 50. Kf5 Ke7 51. e5 Rg6 52. Rc4 Rg5+ 53. Kf4 Rh5 54. Rc6 Rh4+ 55. Kf5 Rb4 56. Rc7+ Kd8 57. Rxh7 Rxb3 58. Rxh6 Rb4 59. Rh8+ Ke7 60. Rh7+ Kd8 61. Rh8+ Ke7 1/2-1/2

[Event "Wattens Open"]
[Site "Wattens"]
[Date "1993.??.??"]
[Round "?"]
[White "Foisor, Cristina Adela B"]
[Black "Lupu, Mircea-Sergiu"]
[Result "1-0"]
[WhiteElo "2360"]
[BlackElo "2400"]
[PlyCount "81"]
[EventDate "1993.??.??"]
[Source "www.chesslib.no"]
[SourceDate "2004.05.04"]

1. c4 e6 2. g3 f5 3. Bg2 Nf6 4. Nf3 Be7 5. O-O O-O 6. d4 d6 7. Nc3 Qe8 8. Qc2 Na6 9. a3 Qh5 10. b4 c6 11. Bf4 Nc7 12. c5 Nce8 13. Rfe1 d5 14. Bg5 h6 15. Bxf6 Nxf6 16. Ne5 Ng4 17. Nxg4 fxg4 18. e4 Bg5 19. b5 Bd7 20. a4 Rf3 21. bxc6 bxc6 22. Rab1 Raf8 23. Nd1 Be8 24. Rb8 Bg6 25. Rxf8+ Rxf8 26. Qe2 Kh8 27. Qa6 e5 28. exd5 exd4 29. dxc6 Bd8 30. Qxa7 Qg5 31. c7 Qd2 32. Rf1 Bd3 33. cxd8=Q Rxd8 34. Qe7 Rb8 35. Re1 Bc2 36. c6 Rc8 37. Qe6 Bf5 38. Qe5 Bc2 39. Nb2 Qb4 40. Qe6 Bf5 41. Nd3 1-0

[Event "BL2-West 0102"]
[Site "Germany"]
[Date "2002.04.14"]
[Round "8.4"]
[White "Grooten, Herman"]
[Black "Boe Olsen, Mads"]
[Result "0-1"]
[WhiteElo "2374"]
[BlackElo "2367"]
[PlyCount "98"]
[EventDate "2001.10.07"]
[Source "ChessBase"]
[SourceDate "2002.07.08"]

1. d4 f5 2. g3 Nf6 3. Bg2 e6 4. Nf3 Be7 5. O-O O-O 6. c4 d6 7. Nc3 Qe8 8. Qc2 Nc6 9. d5 exd5 10. cxd5 Ne5 11. Nd4 Bd8 12. Nxf5 Qh5 13. Ne3 Nfg4 14. Nxg4 Nxg4 15. h3 Nf6 16. h4 Ng4 17. f3 Nh6 18. e4 Qg6 19. Ne2 Nf7 20. Be3 Ne5 21. Rac1 Bd7 22. a4 h6 23. b3 a6 24. Kh2 Qh7 25. Bd4 g5 26. h5 g4 27. f4 Nf3+ 28. Bxf3 gxf3 29. Rxf3 Rc8 30. g4 c6 31. e5 dxe5 32. Bxe5 cxd5 33. Qxh7+ Kxh7 34. Rxc8 Bxc8 35. Kh3 Bd7 36. Nd4 Bb6 37. Kg3 Re8 38. Rc3 Rxe5 39. fxe5 Bxd4 40. Rf3 Bxe5+ 41. Kh4 Kg8 42. g5 hxg5+ 43. Kxg5 d4 44. h6 Bc6 45. Rf5 Bd6 46. Rf1 d3 47. Kf5 d2 48. Rd1 Bb4 49. Kf4 Bd5 0-1

[Event "otb"]
[Site "otb"]
[Date "2007.04.09"]
[Round "2"]
[White "Al Aqrabi Saleh"]
[Black "Amin Bassem"]
[Result "0-1"]
[WhiteElo "2218"]
[BlackElo "2521"]
[PlyCount "86"]
[Source "www.chesslib.no"]
[SourceDate "2004.05.04"]

1. d4 e6 2. c4 f5 3. Nf3 Nf6 4. g3 Be7 5. Bg2 d6 6. Nc3 O-O 7. O-O Qe8 8. Qc2 Qg6 9. Rb1 Ne4 10. Ne1 Nxc3 11. Qxc3 Bf6 12. Qd3 e5 13. d5 a5 14. b3 Na6 15. a3 Nc5 16. Qc2 Bd7 17. Bb2 f4 18. Qxg6 hxg6 19. Bc3 Bf5 20. Rb2 g5 21. h3 Ne4 22. Bxe4 Bxe4 23. f3 Bg6 24. g4 a4 25. b4 c6 26. dxc6 bxc6 27. Nd3 Rfe8 28. Rd2 Bf7 29. c5 d5 30. Rfd1 Bg6 31. Ne1 Kf7 32. Bb2 Rab8 33. Kg2 e4 34. Bxf6 gxf6 35. Ra2 exf3+ 36. exf3 Re5 37. Kf1 Rh8 38. Kg2 Re3 39. Rc1 Rb3 40. Nc2 Rc3 41. Rb2 Re8 42. Kf2 d4 43. Rd1 Bxc2 0-1

[Event "Pula tt2"]
[Site "Pula"]
[Date "1990.??.??"]
[Round "4"]
[White "Sinanovic, Muhamed"]
[Black "Hadzovic, Izet"]
[Result "1-0"]
[WhiteElo "2390"]
[BlackElo "2305"]
[PlyCount "70"]
[EventDate "1990.??.??"]
[Source "www.chesslib.no"]
[SourceDate "2004.05.04"]

1. c4 f5 2. g3 Nf6 3. Bg2 e6 4. Nf3 Be7 5. O-O O-O 6. d4 d6 7. Nc3 Qe8 8. Qc2 Qh5 9. e4 fxe4 10. Nxe4 Nc6 11. Nxf6+ Bxf6 12. Be3 e5 13. dxe5 Bxe5 14. Nxe5 Nxe5 15. f4 Ng4 16. Bd5+ Kh8 17. Bd4 c5 18. Bc3 Bf5 19. Qd2 Rae8 20. Rfe1 Bd3 21. h4 Qg6 22. Rxe8 Rxe8 23. Re1 Nf6 24. Rxe8+ Nxe8 25. Kf2 Bb1 26. Qe2 h5 27. Bxb7 Bd3 28. Qe7 Bxc4 29. Be4 Qe6 30. Qf8+ Qg8 31. Qf5 Nf6 32. Bxf6 gxf6 33. Qxh5+ Kg7 34. Qg6+ Kf8 35. Qxf6+ Ke8 1-0

[Event "EU Ch U18"]
[Site "Rimavska Sobota SVK"]
[Date "1996.??.??"]
[Round "5"]
[White "Cvek, Robert"]
[Black "Kobalia, Mikhail"]
[Result "0-1"]
[WhiteElo "2265"]
[BlackElo "2425"]
[PlyCount "164"]
[EventDate "1996.??.??"]
[Source "www.chesslib.no"]
[SourceDate "2004.05.04"]

1. d4 e6 2. Nf3 f5 3. c4 Nf6 4. g3 d6 5. Bg2 Be7 6. Nc3 O-O 7. O-O Qe8 8. Qc2 Qh5 9. e4 e5 10. dxe5 dxe5 11. Bg5 fxe4 12. Nxe4 Nc6 13. Nxf6+ gxf6 14. Be3 f5 15. Qb3 f4 16. c5+ Kh8 17. Bd2 Bxc5 18. Qd5 Bd6 19. Bc3 Bg4 20. h3 Bxf3 21. Qxf3 Qxf3 22. Bxf3 Nd4 23. Bxb7 Ne2+ 24. Kg2 Rab8 25. Be4 Nxc3 26. bxc3 fxg3 27. Rab1 Rxb1 28. Bxb1 gxf2 29. Rxf2 Rg8+ 30. Kf3 Rg1 31. Be4 Rc1 32. Rc2 Rh1 33. Kg2 Re1 34. Kf3 Bc5 35. Re2 Rf1+ 36. Kg2 Rc1 37. Bc2 Kg7 38. Kf3 Kf6 39. Ke4 Rh1 40. Kd5 Bb6 41. c4 Bd4 42. Bxh7 Rxh3 43. Be4 Kg5 44. Kc6 Kf4 45. Kxc7 Be3 46. Bd5 e4 47. Kb7 Rh5 48. a4 Kf3 49. Re1 Rh4 50. a5 Kf2 51. Rd1 Ke2 52. Rb1 Bd4 53. Rb5 Rh7+ 54. Ka6 Rh6+ 55. Kb7 Rh7+ 56. Ka6 e3 57. c5 Kf2 58. Bc4 Rc7 59. Rb8 Rc6+ 60. Kb5 Rxc5+ 61. Kb4 Re5 62. Rf8+ Ke1 63. Rf7 Bc5+ 64. Kc3 e2 65. Kc2 Be3 66. Rf3 Bg1 67. Bd3 Rc5+ 68. Kb3 Kd2 69. Bxe2 Kxe2 70. Rg3 Bf2 71. Rg6 Rxa5 72. Rd6 Be3 73. Rd7 Ra1 74. Rd6 Rd1 75. Rc6 Rb1+ 76. Ka2 Rd1 77. Re6 Kd3 78. Re8 Bd4 79. Rc8 Rd2+ 80. Kb3 Rb2+ 81. Ka3 Rc2 82. Rd8 Kc4 0-1

[Event "Buenos Aires"]
[Site "Buenos Aires ARG"]
[Date "1985.??.??"]
[Round "9"]
[White "Casafus, Ruben"]
[Black "Bianchi, Guillermo"]
[Result "1/2-1/2"]
[WhiteElo "2335"]
[BlackElo "2355"]
[PlyCount "80"]
[EventDate "1985.??.??"]
[Source "www.chesslib.no"]
[SourceDate "2004.05.04"]

1. d4 f5 2. g3 e6 3. Bg2 Nf6 4. Nf3 Be7 5. O-O O-O 6. c4 d6 7. Nc3 Qe8 8. Qc2 Qh5 9. Bg5 Nc6 10. Rad1 Ne8 11. Bxe7 Nxe7 12. Ne1 f4 13. e4 e5 14. Qe2 Bg4 15. f3 Be6 16. d5 fxg3 17. hxg3 Bd7 18. f4 Qg6 19. Rd3 Nf6 20. f5 Qg5 21. Nf3 Qg4 22. Nh2 Qxe2 23. Nxe2 h5 24. Nc3 g6 25. Bh3 gxf5 26. Bxf5 Nxf5 27. exf5 Kh8 28. Rf2 Nh7 29. Nb5 Rxf5 30. Rxf5 Bxf5 31. Rf3 Be4 32. Nxc7 Rc8 33. Re3 Ng5 34. Nb5 Rxc4 35. Nxd6 Rc1+ 36. Kf2 Rc2+ 37. Ke1 Bxd5 38. Rxe5 Bc6 39. Rxg5 Rxh2 40. b4 a6 1/2-1/2

[Event "Oberliga Ost A9899"]
[Site "GER"]
[Date "1999.??.??"]
[Round "?"]
[White "Rausch, Stephan"]
[Black "Brueggemann, Joachim"]
[Result "1/2-1/2"]
[WhiteElo "2340"]
[BlackElo "2330"]
[PlyCount "152"]
[EventDate "1998.??.??"]
[Source "www.chesslib.no"]
[SourceDate "2004.05.04"]

1. d4 e6 2. Nf3 f5 3. c4 Nf6 4. Nc3 Be7 5. g3 O-O 6. Bg2 d6 7. O-O Qe8 8. Qc2 Qg6 9. b4 a5 10. b5 Nbd7 11. a4 Nb6 12. Qb3 Kh8 13. Ra2 Ne4 14. Nd2 Nxd2 15. Bxd2 e5 16. Nd5 Nxd5 17. cxd5 e4 18. b6 cxb6 19. Bf4 Qf7 20. Rc2 g5 21. Bc1 Bd8 22. f3 exf3 23. Bxf3 Bd7 24. Bg2 Qe8 25. Qa3 Be7 26. Rc7 Rc8 27. Rxb7 Bxa4 28. Rxb6 Bb5 29. Rb7 Ba6 30. Rb6 Bxe2 31. Re1 Bf6 32. Be3 f4 33. Bf2 Qh5 34. Qxd6 f3 35. Bh1 g4 36. Rb7 Rce8 37. Qc6 Bd3 38. Re6 Qg6 39. Rb6 Rxe6 40. dxe6 Be4 41. Qc5 Rd8 42. e7 Re8 43. d5 Kg8 44. d6 Qf5 45. h3 Kf7 46. hxg4 Qxg4 47. Qc4+ Kg7 48. d7 Qxd7 49. Qxe4 Rxe7 50. Qxf3 Bd4 51. Rb7 Bxf2+ 52. Kxf2 Qd2+ 53. Kg1 Qc1+ 54. Kg2 Qd2+ 55. Qf2 Qd5+ 56. Kg1 Qd1+ 57. Qf1 Qd4+ 58. Kh2 Qd2+ 59. Qg2 Qh6+ 60. Qh3 Qd2+ 61. Bg2 Rxb7 62. Qg4+ Kh6 63. Qe6+ Kg7 64. Qe5+ Kf7 65. Qd5+ Qxd5 66. Bxd5+ Kf6 67. Bxb7 a4 68. Bd5 a3 69. Kh3 Kg5 70. Kg2 Kg4 71. Kf2 Kg5 72. Kg2 Kg4 73. Ba2 Kg5 74. Bb1 Kg4 75. Kf2 Kg5 76. Kf3 h5 1/2-1/2

[Event "HUN-chT2 9697"]
[Site "?"]
[Date "1996.??.??"]
[Round "4"]
[White "Krizsany Laszlo"]
[Black "Kahan Robert"]
[Result "1-0"]
[WhiteElo "2455"]
[BlackElo "2215"]
[PlyCount "83"]
[EventDate "1996.??.??"]
[Source "www.chesslib.no"]
[SourceDate "2004.05.04"]

1. d4 e6 2. c4 f5 3. g3 Nf6 4. Bg2 Be7 5. Nf3 d6 6. O-O O-O 7. Nc3 Qe8 8. Qc2 Qh5 9. b3 a5 10. Bb2 Nc6 11. a3 e5 12. dxe5 dxe5 13. Nd5 Bd8 14. Bxe5 Nxe5 15. Nxe5 c6 16. Nf4 Qh6 17. e3 Bc7 18. Nfd3 Re8 19. Nf3 g5 20. Rfe1 Ne4 21. Nd2 Nf6 22. Rad1 f4 23. exf4 Bf5 24. fxg5 Qxg5 25. Nf3 Qh5 26. Nh4 Be4 27. Qc3 Bxg2 28. Qxf6 Be4 29. Nf4 Bxf4 30. Qxf4 Bc2 31. Rc1 Rxe1+ 32. Rxe1 Rf8 33. Qe3 Qf7 34. Re2 Bd1 35. Rd2 Bh5 36. Qg5+ Kh8 37. Qxa5 Re8 38. Rd8 Kg7 39. Qg5+ Bg6 40. Rxe8 Qxe8 41. Nf5+ Kg8 42. Qe7 1-0